Quad Monsters in My Singing Monsters - Statistics

General Stats
  • This quiz has been taken 6 times
  • The average score is 18 of 25
Answer Stats
Hint Answer % Correct
Cold Island Deedge
100%
Plant Island Entbrat
100%
Earth Island Quarrister
100%
Air Island Riff
100%
Water Island Shellbeat
100%
Light IslandMagical Nexus Blow't
80%
Magical Sanctun Enchantling
80%
Amber IslandBone Island Flum Ox
80%
Psychic IslandMagical Nexus Gloptic
80%
Ethereal Workshop Oogiddy
80%
Faerie IslandMagical Nexus Pladdie
80%
Bone IslandMagical Nexus Plinkajou
80%
Fire IslandAmber Island Tring
80%
Ethereal Workshop Whail
80%
Amber IslandLight Island Yelmut
80%
Amber IslandPsychic Island Bisonorus
60%
Amber IslandBone Island Incisaur
60%
Amber IslandFaerie Island Krillby
60%
Ethereal Workshop Pentumbra
60%
Amber IslandFaerie island PongPing
60%
Fire OasisAmber Island Sneyser
60%
Amber IslandLight Island Tiawa
60%
Amber IslandPsychic Island Edamimi
40%
Ethereal Workshop Rhysmuth
40%
Ethereal Workshop Vhenshun
40%
No matching quizzes found
Score Distribution
Percent of People with Each Score
Percentile by Number Answered
Your Score History
You have not taken this quiz